| 000 | 00536nja a2200181 a 4500 | ||
|---|---|---|---|
| 003 | BLK | ||
| 005 | 20180413144022.0 | ||
| 008 | 180410c bul|r|ner|||| 00| c0bul d | ||
| 010 | _aCDD00000565003 | ||
| 040 | _aBLK | ||
| 245 | 1 | 0 |
_aSymphonie N. 41 C-dur Jupiter-Symphonie _sKV551 |
| 257 | _aDEU | ||
| 380 | _a7 | ||
| 773 |
_0216737 _9388109 _tHerbert von Karajan. Die ersten Aufnahmen [CD аудио] |
||
| 852 | _aЦб CD 4328 | ||
| 942 |
_cCDD _n0 |
||
| 944 |
_aCR _c17.05.2017 _kТеодора_Стоянова |
||
| 944 |
_aED _c17.05.2017 _kТеодора_Стоянова |
||
| 999 |
_c216740 _d216740 |
||